| 000 | 01059nam a2200301Ia 4500 | ||
|---|---|---|---|
| 001 | 4196 | ||
| 003 | IT-RoPAU | ||
| 008 | 130308s9999 xx 000 0 und d | ||
| 040 | _aIT-RoPAU | ||
| 040 | _cIT-RoPAU | ||
| 041 | _aSPAGNOLO | ||
| 100 | _aIribarren Jesus | ||
| 100 | _gCodice Aut. SPICS: 5323 | ||
| 245 | _aDerecho a la verdad (El) | ||
| 245 | _bDerecho a la verdad (El) | ||
| 250 | _a1a ed. | ||
| 260 | _aMADRID | ||
| 260 | _bCatolica | ||
| 260 | _c1968 [1° Ed.:1968 - Ed.Ling.Originale:1968] | ||
| 300 | _a"592 p. (prefazione: 86; testo: 506)" | ||
| 500 | _aDottrina della Chiesa Sulla Stampa Radio e Televisione 1831 1968 Morale pubblicistica Dalla Morale Alla Teologia della Comunicazione I Papi e la Comunicazione Sociale Documenti Pontifici e Conciliari da Gregorio XVI Pio Ix Pio X Benedetto Xv Pio XI Pio XII Giovanni XXIII Paolo VI sintesi Dottrinale dei Documenti | ||
| 650 | _aTESTI DI DOCUMENTI ECCLESIASTICI | ||
| 650 | _eCodice materia Spics: 9101 | ||
| 942 | _cBK | ||
| 957 | _71 | ||
| 999 |
_c75693 _d75693 |
||
| 999 | _bSI | ||
| 999 | _g1 | ||